Normal view
MARC view
Entry Uniform Title
001 - CONTROL NUMBER
- control field: 25886
003 - CONTROL NUMBER IDENTIFIER
- control field: dpl
005 - DATE AND TIME OF LATEST TRANSACTION
- control field: 20110211155308.0
008 - FIXED-LENGTH DATA ELEMENTS
- fixed length control field: 110211|||a|||||| | ||| d
040 ## - CATALOGING SOURCE
- Original cataloging agency: dpl
- Transcribing agency: dpl
130 ## - HEADING--UNIFORM TITLE
- Uniform title: नेहरू बाल पुस्तकलय
670 ## - SOURCE DATA FOUND
- Source citation: Work cat.: (dpl)50497: प्रहराज,दीपक 25885, कहानी दो कुत्तो की /, 2010
670 ## - SOURCE DATA FOUND
- Source citation: Work cat.: (dpl)50497: प्रहराज,दीपक 25885, कहानी दो कुत्तो की /, 2010
